Normal view
MARC view
- MANAGEMENT OF BUSINESS LOGISTICS
Entry Topical Term
001 - CONTROL NUMBER
- control field: 66025
003 - CONTROL NUMBER IDENTIFIER
- control field: NUST
005 - DATE AND TIME OF LATEST TRANSACTION
- control field: 20210628203526.0
008 - FIXED-LENGTH DATA ELEMENTS
- fixed length control field: 210628|| aca||aabn | a|a d
040 ## - CATALOGING SOURCE
- Original cataloging agency: NUST
- Transcribing agency: NUST
150 ## - HEADING--TOPICAL TERM
- Topical term or geographic name entry element: MANAGEMENT OF BUSINESS LOGISTICS
670 ## - SOURCE DATA FOUND
- Source citation: Work cat.: (NUST): Coyle, John J, Bardi, Edward J, Langley, C. John 66024, The management of business logistics, a supply chain perspective, 2007
